000
00267 a2200085 4500
020
_a
978-1032325385
100
_a
Joel Robinson
245
_a
The City on Display: Architecture Festivals and the Urban Commons (Routledge Research in Architecture)
260
_b
Routledge
_c
2024
999
_c
13195
_d
13195